Catálogo
 En Linea

El Gral. Pedro Florentino : (Registro nro. 26466)

Detalles MARC
000 -CABECERA
campo de control de longitud fija 01007nam a2200289 i 4500
001 - NÚMERO DE CONTROL
campo de control 000026974
003 - IDENTIFICADOR DEL NÚMERO DE CONTROL
campo de control DO-SdBNP
005 - FECHA Y HORA DE LA ÚLTIMA TRANSACCIÓN
campo de control 20241212075022.0
007 - CAMPO FIJO DE DESCRIPCIÓN FÍSICA--INFORMACIÓN GENERAL
campo de control de longitud fija ta
008 - DATOS DE LONGITUD FIJA--INFORMACIÓN GENERAL
campo de control de longitud fija 110328s1938 dr r 000 | spa d
040 ## - FUENTE DE LA CATALOGACIÓN
Centro catalogador/agencia de origen DO-SdBNP
Lengua de catalogación spa
Centro/agencia transcriptor BNPHU
Normas de descripción rda
041 ## - CÓDIGO DE LENGUA
Código de lengua original spa
082 ## - NÚMERO DE LA CLASIFICACIÓN DECIMAL DEWEY
Número de clasificación 972.9304
Número de documento/Ítem F633N
Número de edición 22
100 1# - ENTRADA PRINCIPAL--NOMBRE DE PERSONA
Nombre de persona Nolasco, Sócrates,
Fechas asociadas al nombre 1884-1980
Término indicativo de función/relación autor
9 (RLIN) 22323
245 13 - MENCIÓN DE TÍTULO
Título El Gral. Pedro Florentino :
Resto del título y un momento de la restauración /
Mención de responsabilidad, etc. Sócrates Nolasco.
264 ## - PRODUCCIÓN, PUBLICACIÓN, DISTRIBUCIÓN, FABRICACIÓN Y COPYRIGHT
Producción, publicación, distribución, fabricación y copyright Santiago, República Dominicana :
Nombre del de productor, editor, distribuidor, fabricante El Diario,
Fecha de producción, publicación, distribución, fabricación o copyright 1938.
300 ## - DESCRIPCIÓN FÍSICA
Extensión 168 páginas ;
Dimensiones 22 cm.
336 ## - TIPO DE CONTENIDO
Término de tipo de contenido rdacontent
Código de tipo de contenido texto
Fuente txt
337 ## - TIPO DE MEDIO
Nombre/término del tipo de medio rdamedia
Código del tipo de medio sin mediación
Fuente n
338 ## - TIPO DE SOPORTE
Nombre/término del tipo de soporte rdacarrier
Código del tipo de soporte volumen
Fuente nc
500 ## - NOTA GENERAL
Nota general Incluye referencias bibliográficas y notas al pie de las páginas
590 ## - NOTA LOCAL (RLIN)
Nota local Inventariado, 2018/LP
600 14 - PUNTO DE ACCESO ADICIONAL DE MATERIA--NOMBRE DE PERSONA
Nombre de persona FLORENTINO, PEDRO,
Fechas asociadas al nombre 1806?-1864.
9 (RLIN) 54071
651 #0 - PUNTO DE ACCESO ADICIONAL DE MATERIA--NOMBRE GEOGRÁFICO
Nombre geográfico República Dominicana --
Subdivisión general Historia --
Subdivisión cronológica 1844-1930
9 (RLIN) 1009
910 ## - DATOS DE OPCIÓN DEL USUARIO (OCLC)
Datos de opción del usuario Validado. Control de calidad MFF
942 ## - ELEMENTOS DE PUNTO DE ACCESO ADICIONAL (KOHA)
Fuente del sistema de clasificación o colocación Dewey Decimal Classification
Tipo de ítem Koha Libro
Existencias
Estado de retiro Estado de pérdida Fuente del sistema de clasificación o colocación Restricciones de uso No para préstamo Código de colección Localización permanente Ubicación/localización actual Ubicación en estantería Fecha de adquisición Total de préstamos Signatura topográfica completa Código de barras Fecha visto por última vez Número de copia Precio válido a partir de Tipo de ítem Koha Nota pública
    Dewey Decimal Classification Préstamo en sala   Raros y valiosos Biblioteca Nacional Pedro Henríquez Ureña Biblioteca Nacional Pedro Henríquez Ureña En catalogación 31.08.2018   BNPHU DS 972.9304 F633N 26974-30 25.06.2020 e.3 25.06.2020 Libro Pertenecio a la biblioteca personal de Emilio Cordero Michel
    Dewey Decimal Classification Excluido de préstamo   Raros y valiosos Biblioteca Nacional Pedro Henríquez Ureña Biblioteca Nacional Pedro Henríquez Ureña Depósito 28.03.2011   BNPHU PD 972.9304 F633N 26974-10 25.06.2020   25.06.2020 Libro Perteneció a la biblioteca personal de Martínez Boog. Dedicado
    Dewey Decimal Classification Excluido de préstamo   Raros y valiosos Biblioteca Nacional Pedro Henríquez Ureña Biblioteca Nacional Pedro Henríquez Ureña Depósito 05.04.2011   BNPHU PD 972.9304 F633N 26974-20 25.06.2020 e.2 25.06.2020 Libro Perteneció a la biblioteca personal de Julio Ortega Frier. Dedicado

Con tecnología Koha